¿Ha fracasado la Acción Católica? / (Record no. 46285)

MARC details
000 -LEADER
campo de control de longitud fija 00519nam a2200169 i 4500
001 - NÚMERO DE CONTROL
campo de control 46285
003 - IDENTIFICADOR DE NÚMERO DE CONTROL
campo de control ES-MaACL
005 - FECHA Y HORA DE LA ÚLTIMA TRANSACCIÓN
campo de control 20230906161345.0
007 - CAMPO FIJO DE DESCRIPCIÓN FÍSICA--INFORMACIÓN GENERAL
campo de control de longitud fija t|
008 - DATOS DE LONGITUD FIJA--INFORMACIÓN GENERAL
campo de control de longitud fija 030328s1963 sp ||||1| spa d
100 1# - ENTRADA PRINCIPAL--NOMBRE DE PERSONA
Nombre de persona Comblin, Joseph.
9 (RLIN) 39978
245 11 - MENCIÓN DEL TÍTULO
Título ¿Ha fracasado la Acción Católica? /
Mención de responsabilidad, etc. Joseph Comblin ; [traducida por Francisco Javier Calzada].
260 ## - PUBLICACIÓN, DISTRIBUCIÓN, ETC.
Lugar de publicación, distribución, etc. Barcelona :
Nombre del editor, distribuidor, etc. Eler,
Fecha de publicación, distribución, etc. 1963.
300 ## - DESCRIPCIÓN FÍSICA
Extensión 154 p. ;
Dimensiones 19 cm.
700 1# - ENTRADA AGREGADA--NOMBRE PERSONAL
Nombre de persona Calzada, Francisco Javier.
9 (RLIN) 33938
852 ## - LOCALIZACIÓN
Ubicación ES-MaACL
Número de control de estantería C-25696
Sublocalización o colección R.54683
Holdings
Estatus retirado Estado de pérdida Estado de daño No para préstamo Biblioteca de origen Biblioteca actual Ubicación en estantería Fecha de adquisición Fuente de adquisición Total de préstamos Signatura topográfica completa Código de barras Visto por última vez Precio de reemplazo Tipo de ítem Koha
        Biblioteca del Ateneo de Madrid Biblioteca del Ateneo de Madrid Depósito 2 17/01/2008     C-25696 1048682 23/02/2023 23/02/2023 Libro impreso